| 000 | 00348nam a2200145Ia 4500 | ||
|---|---|---|---|
| 008 | 230312s9999||||xx |||||||||||||| ||und|| | ||
| 020 | _a978-93-868-7350 | ||
| 082 |
_a005.133 _bHEL-P |
||
| 100 | _aBallew,Joli | ||
| 245 | 0 | _aWindows 7 No Problem | |
| 260 |
_bPearson _aIndia _c2018 |
||
| 300 | _a1413 | ||
| 650 |
_aComputer _vComputer |
||
| 942 | _cBK | ||
| 999 |
_c15770 _d15770 |
||